Cyber Crime An Introduction (Record no. 313482)

MARC details
000 -LEADER
fixed length control field 00396nam a2200157Ia 4500
008 - FIXED-LENGTH DATA ELEMENTS--GENERAL INFORMATION
fixed length control field 230718s9999 xx 000 0 und d
041 ## - LANGUAGE CODE
Language code of text/sound track or separate title eng
082 ## - DEWEY DECIMAL CLASSIFICATION NUMBER
Classification number 005.8
Item number PRA
100 ## - MAIN ENTRY--PERSONAL NAME
Personal name Prasad R.S.
9 (RLIN) 116015
245 ## - TITLE STATEMENT
Title Cyber Crime An Introduction
260 ## - PUBLICATION, DISTRIBUTION, ETC. (IMPRINT)
Date of publication, distribution, etc. 2004
Name of publisher, distributor, etc. ICFAI Books
300 ## - PHYSICAL DESCRIPTION
Extent 197
365 ## - TRADE PRICE
Currency code Rs.
Price amount 350.00
700 ## - ADDED ENTRY--PERSONAL NAME
Personal name Prasad R.S.
9 (RLIN) 116015
906 ## - LOCAL DATA ELEMENT F, LDF (RLIN)
d 12/4/06/IPRESS/2006
c IT
Holdings
Withdrawn status Lost status Damaged status Not for loan Home library Current library Date acquired Vendor Budget Code Cost, normal purchase price Bill number Total Checkouts Full call number Barcode Date last seen Cost, replacement price Bill Date Koha item type Original Barcode
        Cummins College of Engineering for Women Pune Cummins College of Engineering for Women Pune 28/04/2006 ICFAI Branch IT 350.00 12/4/06/IPRESS/2006   005.8 CCEP-BK-24689 18/07/2023 350.00 12/04/2006 Books 024689